| 000 | 00447nam a2200169Ia 4500 | ||
|---|---|---|---|
| 003 | LK-CoDNM | ||
| 008 | 010623t xxu||||| |||| 00| 1 sin d | ||
| 040 |
_aLK-CoDNM _dLK-CoDNM _eLK-CoDNM |
||
| 041 | _asin | ||
| 080 | _a294.3 RAJ | ||
| 100 | _aRajapakse,A.Wasalawikrama. | ||
| 245 | _aවන මැද නොසැලෙන විල | ||
| 246 | _aVana Meda Noselena Vila | ||
| 300 | _b136p., 21 cm | ||
| 700 | _aRajapakse,D.T.P. | ||
| 942 | _cBK | ||
| 999 |
_c140885 _d140885 |
||